Chivas Młody Say10 (Odgadnij caly tekst) - Statystyki

Ogólne statystyki
  • Ten quiz został rozwiązany 136 razy
  • Średni wynik to 215 z 355
Statystyki odpowiedzi
Odpowiedź % Poprawnych
S
91%
A
87%
Młody
86%
z
86%
w
84%
10
81%
C
79%
79%
Ja
79%
i
78%
Demony
76%
demony
76%
Po
76%
Say
76%
jak
75%
Jak
75%
mi
75%
się
74%
sie
74%
tak
74%
co
73%
do
73%
głowie
73%
milczą
73%
bił
72%
coś
72%
drugiego
72%
Jeden
72%
końcu
72%
może
72%
cichną
71%
Dobra
71%
dobrą
71%
zrobi
71%
by
69%
no
69%
to
69%
ma
68%
trochę
68%
weselej
68%
Mam
67%
nowego
67%
czy
66%
piłką
66%
bo
65%
Bo
65%
były
65%
Kliczko
65%
koleżkę
65%
na
65%
odbijały
65%
Odbijały
65%
jest
64%
nie
64%
Nie
64%
ping
62%
pong
62%
ze
62%
że
62%
61%
błyszczą
60%
oczy
60%
wow
60%
Wow
60%
pe
59%
mnie
58%
Jestem
56%
za
56%
mówi
55%
da
54%
kto
54%
wesoły
54%
dobry
53%
nic
53%
śmieć
53%
Ale
52%
ale
52%
lepsze
52%
szukam
52%
temat
52%
jakbym
51%
Robię
51%
źle
51%
zwrotki
51%
chcę
49%
dają
49%
dwa
49%
dwiema
49%
energię
49%
jedną
49%
mówię
49%
Niektórzy
49%
tylko
49%
więzienia
49%
zmartwienia
49%
fajniejsze
48%
klak
48%
Klik
48%
paf
48%
Pif
48%
poszedł
48%
ej
47%
klamką
47%
odurzenia
47%
potrzeba
47%
tamto
47%
cię
46%
Mówili
46%
podpierasz
46%
scena
46%
każdy
45%
kurwa
45%
lubisz
45%
prawie
45%
Przytłacza
45%
rodzaju
45%
udajesz
45%
uzi
45%
już
44%
przytulić
44%
Zmienia
44%
chciałaś
41%
czarno
41%
ręku
41%
Masz
40%
on
40%
widzi
39%
nikomu
38%
oh
38%
robimy
38%
banknot
36%
reszta
36%
broń
35%
kasę
35%
Przecież
35%
uwierzę
35%
wydaję
34%
albo
33%
macie
33%
zarabiam
33%
Benza
32%
class
32%
sam
32%
Zamawiam
32%
żarcie
32%
zbieram
32%
cały
31%
okłamałem
31%
Okłamałem
31%
czarny
29%
płacę
29%
Bitwa
28%
kiedyś
28%
lakier
28%
papier
28%
posiedzę
28%
bałem
27%
nikt
27%
byłem
26%
polubił
26%
starcie
26%
wersach
26%
dzieciakiem
25%
ludzi
25%
Odkładam
25%
przestać
25%
wielu
25%
im
24%
nieogarną
22%
Nie znaleziono quizów pasujących do podanych kryteriów
Rozkład punktacji
Procent ludzi z każdym wynikiem
Percentyl według liczby udzielonych odpowiedzi
Twoja historia wyników
Nie rozwiązałeś tego quizu